Highest railway stations in New South Wales - Statistics

General Stats
  • This quiz has been taken 24 times
  • The average score is 8 of 14
Answer Stats
Elevation Station % Correct
1017 m Katoomba
87%
1069 m Bell
83%
1001 m Zig Zag
78%
1067 m Blackheath
74%
1047 m Mount Victoria
74%
1054 m Medlow Bath
57%
1720 m Perisher Valley
57%
1905 m Blue Cow
48%
1000 m Armidale
43%
1134 m Bullocks Flat
39%
1119 m Clarence
35%
1028 m Top Point
30%
1038 m Walcha Road
26%
1022 m Uralla
22%
No matching quizzes found
Score Distribution
Percent of People with Each Score
Percentile by Number Answered
Your Score History
You have not taken this quiz